|
|
|
|
| LEADER |
00000nam a2200000Ii 4500 |
| 001 |
DIGUAZUAY0218 |
| 003 |
NyNyDIG |
| 006 |
m o d |
| 007 |
cr ||||||||||| |
| 008 |
251104s2019 ec a o 000 0 spa d |
| 035 |
|
|
|a (OCoLC)1420743103
|
| 040 |
|
|
|a DGITA
|b eng
|e rda
|e pn
|c DGITA
|
| 020 |
|
|
|a 9789942822321
|q eBook
|
| 020 |
|
|
|z 9789942822307
|
| 050 |
1 |
4 |
|a NA2000 ebook
|
| 100 |
1 |
|
|a Espinoza, Carlos,
|e author.
|
| 245 |
1 |
0 |
|a Taller vertical.
|n 05,
|p Equipamientos y ciudad /
|c Carlos Espinoza, Diana Flores.
|
| 246 |
3 |
0 |
|a Equipamientos y ciudad
|
| 264 |
|
1 |
|a Cuenca, [Ecuador] :
|b Universidad del Azuay, Casa Editora,
|c [2019]
|
| 300 |
|
|
|a 1 online resource :
|b illustrations.
|
| 336 |
|
|
|a text
|b txt
|2 rdacontent
|
| 337 |
|
|
|a computer
|b c
|2 rdamedia
|
| 338 |
|
|
|a online resource
|b cr
|2 rdacarrier
|
| 347 |
|
|
|a text file
|2 rdaft
|
| 347 |
|
|
|b PDF
|
| 588 |
0 |
|
|a Online resource; title from PDF title page (Digitalia, viewed November 4, 2025)
|
| 650 |
|
0 |
|a Architecture
|x Study and teaching.
|
| 650 |
|
0 |
|a City planning.
|
| 700 |
1 |
|
|a Flores, Diana,
|e author.
|
| 791 |
2 |
|
|a Digitalia (Firm),
|e distributor.
|
| 793 |
0 |
|
|g Digitalia eBook Collection:
|a Universidad del Azuay
|
| 776 |
0 |
8 |
|i Print version:
|t Taller vertical. 05. Equipamientos y ciudad.
|d Cuenca, [Ecuador] : Universidad del Azuay, Casa Editora, [2019]
|z 9789942822307
|
| 856 |
4 |
0 |
|3 Digitalia Hispánica
|u https://www.digitaliapublishing.com/a/133603/
|
| 910 |
|
|
|a Premium collection: 2025
|